Ordinance on library ( No.31/2000/PL-UBTVQH 10 of December 28, 2000 )
Shranjeno v:
| Korporativna značnica: | |
|---|---|
| Format: | Knjiga |
| Jezik: | Undetermined |
| Izdano: |
Hà Nội
Ủy ban Thường vụ Quốc Hội
2000
|
| Teme: | |
| Oznake: |
Označite
Brez oznak, prvi označite!
|
| Thư viện lưu trữ: | Trung tâm Học liệu Trường Đại học Cần Thơ |
|---|
| LEADER | 00659nam a2200205Ia 4500 | ||
|---|---|---|---|
| 001 | CTU_64414 | ||
| 008 | 210402s9999 xx 000 0 und d | ||
| 020 | |b 36000 | ||
| 082 | |a 344.092 | ||
| 082 | |b U523 | ||
| 110 | |a Ủy ban Thường vụ Quốc Hội | ||
| 245 | 0 | |a Ordinance on library | |
| 245 | 0 | |b ( No.31/2000/PL-UBTVQH 10 of December 28, 2000 ) | |
| 245 | 0 | |c Ủy ban Thường vụ Quốc Hội | |
| 260 | |a Hà Nội | ||
| 260 | |b Ủy ban Thường vụ Quốc Hội | ||
| 260 | |c 2000 | ||
| 650 | |a Library legislation | ||
| 904 | |i Minh (Nguyên sửa) | ||
| 980 | |a Trung tâm Học liệu Trường Đại học Cần Thơ | ||